000
003020000a22001450004500
003
MACL
040
_a
MACL
090
_c
18303
_d
18302
100
_a
Naudou, Jean
245
_a
Buddhist of Kashmir
260
_b
Agam Kala Prakashan
_c
1996
350
_a
300
650
_a
Religion
942
_c
BOOK
_k
294.3
999
_c
18190
_d
18190